Whose German? (Record no. 13232)
[ view plain ]
| 000 -LEADER | |
|---|---|
| fixed length control field | 01727nam a2200373 a 4500 |
| 082 04 - DEWEY DECIMAL CLASSIFICATION NUMBER | |
| Classification number | 431/.52 |
| 100 1# - MAIN ENTRY--AUTHOR NAME | |
| Personal name | Robinson, Orrin W., |
| 245 10 - TITLE STATEMENT | |
| Title | Whose German? |
| 260 ## - PUBLICATION, DISTRIBUTION, ETC. (IMPRINT) | |
| Place of publication | Amsterdam ; |
| -- | Philadelphia, PA : |
| Name of publisher | J. Benjamins, |
| Year of publication | c2001. |
| 300 ## - PHYSICAL DESCRIPTION | |
| Number of Pages | ix, 169 p. : |
| Other physical details | ill. |
| 490 1# - SERIES STATEMENT | |
| Series statement | Amsterdam studies in the theory and history of linguistic science. Series IV, Current issues in linguistic theory ; |
| 650 #0 - SUBJECT ADDED ENTRY--TOPICAL TERM | |
| Topical Term | German language |
| Topical Term | German language |
| Topical Term | German language |
| Topical Term | German language |
| Topical Term | German language |
| 856 40 - ELECTRONIC LOCATION AND ACCESS | |
| Uniform Resource Identifier | http://site.ebrary.com/lib/rucke/Doc?id=10014693 |
No items available.
